Statistics for Daily Country Riddle #34

Click here to take the quiz!

General Stats

  • This quiz has been taken 158 times
  • The average score is 10 of 11

Answer Stats

TypeAnswer% Correct
Found LetterA
100%
Correctly Placed LetterA
98%
Found LetterA
91%
Found LetterP
90%
Correctly Placed LetterA
88%
Found LetterL
88%
Correctly Placed LetterL
81%
Found LetterU
81%
Correctly Placed LetterP
80%
Mystery CountryPalau
80%
Correctly Placed LetterU
80%

Score Distribution

Percentile by Number Answered

Percent of People with Each Score

Your Score History

You have not taken this quiz